Riconosci il Pokémon - Quiz n°249 - Statistics

Statistiche generali
  • Questo quiz è stato fatto 0 volte
  • Il punteggio medio è 0 su 10
Statistiche sulle risposte
Indizio Risposta % Corretto
Altezza 0,8 m
0%
Peso 25,3 kg
0%
Sesso 50% ♂, 50% ♀
0%
Tasso di cattura 75 (17.5%)
0%
Pokémon Accelgor
0%
Tipo Coleottero
0%
Abilità Idratazione; Antifurt; Agiltecnica
0%
Tasso di allevamento Medio-Veloce
0%
Stadio evoluzione Prima evoluzione
0%
Generazione Quinta
0%
Nessun quiz corrispondente trovato
Distribuzione punteggi
Percentuale di utenti per punteggio
Percentile per numero di risposta
I tuoi punteggi nel tempo
Non hai fatto questo quiz